| 000 | 01009cam a2200325 a 4500 | ||
|---|---|---|---|
| 999 |
_c219445 _d219445 |
||
| 001 | 195658 | ||
| 003 | Nust | ||
| 005 | 20170726114817.0 | ||
| 008 | 990527s1998 pk 000 0burdo | ||
| 010 | _a 98930883 | ||
| 020 | _a9690014226 | ||
| 020 | _a978-9690014221 | ||
| 025 | _aP-U-98930883; 06 | ||
| 035 | _a(DLC) 98930883 | ||
| 040 |
_aDLC _cDLC |
||
| 042 | _alcode | ||
| 043 | _aa-pk--- | ||
| 050 | 0 | 0 |
_aPK2200.M823 _bM82 1998 |
| 082 |
_a891.4391 _bBEL |
||
| 245 | 0 | 0 |
_aMuftī Jī / _c[murattib] Abdāl Belā. |
| 260 |
_aLāhore : _bFīrozsanz, _c1998. |
||
| 300 |
_a1583 p. ; _c23 cm. |
||
| 520 | _aCommemorative volume on the life and works of Mumtāz Muftī, noted Urdu poet and writer. | ||
| 546 | _aIn Urdu. | ||
| 600 | 0 | 0 |
_aMumtāz Muftī. _9370 |
| 650 | 0 |
_aAuthors, Urdu _y20th century _xBiography. _92667 |
|
| 700 | 1 |
_aBelā, Abdāl. _92049 |
|
| 880 |
_6100-01\(3\r _aابدال بیلا |
||
| 880 |
_6245-02\(3\r _aمفتی جی _cابدال بیلا |
||
| 880 |
_6260-03\(3\r _aلاہور: _bفیروز سنز، _c1998 |
||
| 906 |
_a7 _bcbc _corigode _d3 _encip _f19 _gy-gencatlg |
||
| 942 |
_2ddc _cBK |
||